00948cam a22002655a 45000010009000000050017000090080041000260200018000670400033000850820019001182450097001372600031002343000033002654900035002985040031003336500030003646500026003946500041004206510010004616530025004717000021004969420008005179990017005259520140005421884495320201128024032.0151030t2015 gw a frb 000 0 eng d a9783319264219 aDLCbengcDLCdDLCdEG-ScBUE04222a005.8bINT00aIntentional risk management through complex networks analysis /cVictor Chapela ... [et al.] aCham :bSpringer,cc.2015. axv, 126 p. :bill. ;c24 cm.0 aSpringerBriefs in Optimization aBibliography : p. 121-126. 72BUEsh92018aMathematics. 72BUEshaSystem theory. 72BUEsh93105aCalculus of variations. 2BUEsh bCOMSCIcDecember20161 aChapela, Victor. 2ddc c23430d23402 00102ddc40708BaccahaMAINbMAINcLOWd2016-12-04ePurchaseg575.00h25137l0o005.8 INTp000040243r2025-07-15 00:00:00v718.75yBB